01903nam a22001937a 4500003000900000008004100009040007100050082002200121245007600143260003000219300002900249440007500278505123600353650001601589650003301605700002101638700002101659700002901680AR-CdUCM190425b ||||| |||| 00| 0 spa d aMUNICIPALIDAD PROVINCIAL DEL CUSCOcBIBLIOTECA MUNICIPAL DEL CUSCO aCsyArts/N°4/1966 aCiencias y Artes :bRevista Cultural del colegio Nacional de Ciencias / aCusco.bGarcilaso,c1966. a280 páginas. :c24 cm. aRevista Cultural del Colegio Nacional de Ciencias.nNúmero 4, 1966. aContenido: Los padres de familia frente a la educación actual. Cesar Rojas. -- José Gálvez Egusquiza. Alcides F. Estrada. -- Concepción del mestizo americano. Alfredo Yépez Miranda. -- El burro en la tradición cienciana y resumen histórico del colegio. Max Galdo Gamio. -- Homenaje a Tupac Amaru II. Cesar Sánchez Esquivel. -- Calca y el centenario del dos de mayo. Alcides F. Estrada. -- Las ideas generales. Moisés Tello Palomino. -- Costumbres de mi tierra. Miguel Sotomayor. -- Tupac Amaru II precursor de la independencia de América. Mario >Chavarría. -- José Marti la danza de un hombre en busca de la libertad. Luis Velazco Aragón. -- Algunas consideraciones sobre el proceso enseñanza aprendizaje. Víctor Segovia. -- Una deuda de los ciencianos con el plantel. Rafael Calderón. -- El Arte y la educación artística. Eduardo Pimentel. -- La vieja casa cienciana. Luis Felipe Paredes. -- El Tuco cuento regional premiado en Buenos Aires. Humberto Pacheco P. -- Palabras de despedida por el alumno Alipio León Abarca. -- Clorinda Matto de Turner. Edmundo Pimentel. -- La promoción cienciana de 1920. Julio G. Gutiérrez. -- Tres cantos a las glorias de ciencias. Ángel Avendaño.... aEducación aColegio Nacional de Ciencias aEstrada, Alcides aGaldo Gamio, Max aYépez Miranda, Alfredo